000 00921cam a2200241 i 4500
003 SA-RiAUC
005 20250910131630.0
008 250906s1971 sy g 00000 ara c
040 _aSA-RiAUC
_bara
_cSA-RiAUC
_erda
082 0 4 _a410
_qSA-RiAUC
090 _a410
_bك ح ا
100 1 _aكحالة، عمر رضا،
_d1905-1987
_eمؤلف.
245 1 2 _aاللغة العربية وعلومها /
_cعمر رضا كحالة.
264 1 _aدمشق :
_bدار المعلم العربي :
_bمكتبة النصرة،
_c1971
264 3 _a[مكان الطبع غير محدد] :
_bالمطبعة التعاونية
300 _a183 صفحة ؛
_c25 سم
336 _aنص
_btxt
_2rdacontent
_3كتاب
337 _aبدون وسيط
_bn
_2rdamedia
338 _aمجلد
_bnc
_2rdacarrier
650 7 _aفقه اللغة العربية
_2aucsh
942 _2ddc
_cBOOK
_n0
949 _aSA-JeALM
_d250906
_umohamedma123
_n1
999 _c11590
_d11590